Responses for show #6895 - Friday, August 1, 2014

2014 Teen Tournament final game 2.
Last game of Season 30.

Contestants

Jeff Xie, a junior from Edison, New Jersey (subtotal of $15,000)

Alan Koolik, a junior from Boca Raton, Florida (subtotal of $25,000)

Cooper Lair, a sophomore from Little Rock, Arkansas (subtotal of $200)

Jeopardy! Round responses

INTERNET JARGON
MOUNTAINS
WANNA DANCE?
3-LETTER WORDS WITH 2 VOWELS
THE STORY OF HIS LIFE
ATTACK OF THE MOVIE MONSTERS
    $200 6
[Alex reads "coo" as "C-O-O".]
(Jeff: What is cooperate?)

cool

Jeff
Triple Stumper
    $200 1
Rocky Mountains

Alan
    $200 7
tango

Jeff
    $200 12
duo

Jeff
    $200 21
(Apolo Anton) Ohno

Jeff
    $200 26
shark

Alan
    $400 17
got to go

Jeff
    $400 2
Mount Sinai

Cooper
    $400 8
Charleston

Jeff
    $400 16
ore

Alan
    $400 22
(Arnold) Schwarzenegger

Jeff
    $400 27
the Mummy

Jeff
    $600 19
what's up

Jeff
    $600 3
Matterhorn

Jeff
    $600 11
two-step

Jeff
    $600 15
woe

Triple Stumper
    $600 25
Tennessee Williams

Triple Stumper
    $600 28
predator

Cooper
    $800 18
O

Cooper
    $800 4
Mount McKinley

Cooper
    $800 10
cha-cha

Jeff
    $800 13
pea

Jeff
    $2,000 24
Hershey

Jeff
    $800 29
King Kong

Alan
    $1000 20
lots of love

Alan
    $1000 5
Mount Whitney

Jeff
    $1000 9
waltz

Alan
    $1000 14
(Cooper: what is an era?)

eon

CooperAlan
    $1000 23
Tesla

Jeff
    $1000 30
Hellboy

Triple Stumper

Scores at the first commercial break (after clue 15):

Cooper Alan Jeff
$200 $2,200 $4,400

Scores at the end of the Jeopardy! Round:

Cooper Alan Jeff
$1,600 $4,600 $9,400

Double Jeopardy! Round responses

1950-2000
THE ARTS
SYMPTOMS OF LOVE
ANTHROPOLOGY
MUSIC INDUSTRY TERMS
A FEW WORDS WITH "MOM" AND "DAD"
    $400 6
Lyndon Johnson

Cooper
    $400 4
The Nutcracker

Cooper
    $400 26
appetite

Alan
    $400 13
civilization

Cooper
    $400 21
sampling

Alan
    $400 16
thermometers

Cooper
    $800 7
AIDS

Jeff
    $4,000 5
gospel

Cooper
    $800 27
mouth

Jeff
    $800 12
bourgeoisie

Cooper
    $800 22
featuring

Cooper
    $800 17
Trinidad

Cooper
    $1200 8
the Korean War

Cooper
    $1200 1
David

Jeff
    $1200 30
Beethoven

Cooper
    $3,000 11
Pueblos

Jeff
    $1200 23
diamond

Alan
    $1200 18
mom-and-pop

Alan
    $1600 9
(Joseph) McCarthy

Alan
    $1600 2
Boston

Jeff
    $1600 29
B1

Cooper
    $1600 14
(Jeff: what is the cooker?)

raw

AlanJeff
    $1600 24
(Jeff: what is alternate current?)

adult contemporary

Jeff
Triple Stumper
    $1600 19
chamomile

Alan
    $2000 10
Munich

Jeff
    $2000 3
Ovid

Cooper
    $2000 28
arrhythmia

Jeff
    $2000 15
Margaret Mead

Triple Stumper
    $2000 25
jingle

Alan
    $2000 20
Ciudad

Jeff

Scores at the end of the Double Jeopardy! Round:

Cooper Alan Jeff
$15,600 $14,600 $19,600

[wagering suggestions for these scores]

Final Jeopardy! Round responses

AWARDS & HONORS
AlanWhat is the Nobel Peace Prize?
$14,600
CooperWhat is the Nobel Peace Prize?
$15,400
JeffWhat is the Nobel Peace Prize?
$19,600
the Nobel Peace Prize

Tiebreaker Round responses

THE CIVIL WAR
Tennessee

Jeff

Final scores:

Cooper Alan Jeff
$31,000 $29,200 $39,200

Cumulative scores:

Cooper Alan Jeff
$31,200 $54,200 $54,200
2nd runner-up: $31,200 1st runner-up: $54,200 Tournament champion: $75,000

Game dynamics:

Coryat scores:

Cooper Alan Jeff
$12,400 $14,600 $16,600
16 R
(including 1 DD),
1 W
15 R,
0 W
23 R
(including 2 DDs),
3 W

Combined Coryat: $43,600

The J! Archive is created by fans, for fans. The Jeopardy! game show and all elements thereof, including but not limited to copyright and trademark thereto, are the property of Jeopardy Productions, Inc. and are protected under law. This website is not affiliated with, sponsored by, or operated by Jeopardy Productions, Inc. Join the discussion at JBoard.tv.